Les jours de la semaine en polonais - Statistiques

Statistiques générales
  • Ce quiz a été pris 28 fois
  • Le résultat moyen est 6 sur 7
Statistiques - réponses
Français Polonais % Correct
Vendredi Piątek
86%
Lundi Poniedziałek
86%
Mardi Wtorek
81%
Jeudi Czwartek
76%
Samedi Sobota
76%
Mercredi Środa
76%
Dimanche Niedziela
71%
Aucun quiz correspondant
Distribution des résultats
% des personnes avec chaque résultat
Percentile par nombre de réponses
Votre historique - résultats
Vous n’avez pas pris ce quiz